Country to city but it gets increasingly harder 2. - Statistics

General Stats
  • This quiz has been taken 34 times
  • The average score is 9 of 12
Answer Stats
Hint Answer % Correct
Shanghai China
100%
Berlin Germany
100%
Stockholm Sweden
100%
Lima Peru
94%
Pretoria South africa
94%
Surabaya Indonesia
88%
Puebla Mexico
85%
Thimpu Bhutan
82%
Tampere Finland
61%
Sandakan Malaysia
42%
Bled Slovenia
36%
Lae Papua New Guinea
24%
No matching quizzes found
Score Distribution
Percent of People with Each Score
Percentile by Number Answered
Your Score History
You have not taken this quiz